000 00318nam a2200133Ia 4500
008 240624s9999 xx 000 0 und d
041 _aeng
082 _a823 DIC
100 _aDICKENS CHARLES
245 _aDAVID COPPERFIELD
260 _aNew Delhi
_bP.B.P. Publications
300 _a704 : p. : cm. ; 22
365 _cRS
999 _c3975
_d3975